| 000 | 00867nam a2200217 a 4500 | ||
|---|---|---|---|
| 001 | 000655373 | ||
| 003 | AM-YeHGA | ||
| 005 | 20250617141359.0 | ||
| 008 | 090504s1969 ai | |||||||||||||rus|d | ||
| 040 | _aAM-YeHGA | ||
| 041 | 0 | _arus | |
| 245 | 0 | 0 |
_aМеханизация сельскохозяйственная производства / _cРед. В. Мусатов. |
| 260 |
_aМ : _bМосковский рабочий, _c1969. |
||
| 300 |
_aЧ . ; _c26 см. |
||
| 440 | 0 | _aМолодые ученые-производству | |
| 505 | 1 | 0 |
_gЧ. 1 (1969, 120 с., табл., рис.) _gЧ. 2 (1969, 96 с., табл., рис.) |
| 650 | 1 | 4 | _aМеханизация сельского хозяйства |
| 650 | 1 | 4 | _aСельскохозяйственные машины и орудия |
| 700 | 1 |
_aМусатов, В. _eред. _4edt |
|
| 090 | _c239129 | ||
| 999 |
_c237558 _d237558 |
||